000 00805cam a22001814a 4500
005 20250605164354.0
008 250528s ||||||||||||||||||||||||d
035 _a24247
040 _aGR-AtMCL
_bgre
_dGR-AtMCL
_eAACR2
245 1 _aUN Briefing Papers: Human Rights Today / A United Nations Priority
260 _aNew York, NY,
_c1998
300 _a74
520 _aPreface by the Secretary - General, Introduction, Universal Declaration of Human Rights, Human Rights in Action, A Comprehensive Approach to Human Rights, Strengthening Human Rights at the National Level, Combating Discrimination, Human Rights and Conflicts, Today's Violations and Tomorrow's Conflicts.
710 2 _aUnited Nations Department Of Public Information
_99830
942 _cCR
999 _c9137
_d9137